000 00925nam a2200277 i 4500
003 DO-SdBNP
005 20230920102117.0
007 ta
008 230920b2023 dr ||||| |||| 00| 0 spa d
020 _a9789945635959
040 _aDO-SdBNP
_bspa
_cBNPHU
_erda
082 4 _222
100 _aDe Óleo, Héctor Bienvenido,
_eautor
_984216
245 1 0 _aPobre barrio /
_cHéctor Bienvenido De Óleo ; prólogo, Adriano de la Cruz
264 _aSanto Domingo :
_bSantuario,
_c2023.
300 _a122 págnas :
_c23 cm.
336 _2rdacontent
_atexto
_btxt
337 _2rdamedia
_asin mediación
_bn
338 _2rdacarrier
_avolumen
_bnc
500 _aIncluye datos biográficos del autor en la solapa de la cubierta
590 _aLa biblioteca posee 1 ejemplar autográfiado por el autor
590 _aInventariado, 2023/BT
700 1 _aCruz, Adriano de la,
_eprólogo
_97194
910 _aBtavárez
942 _2ddc
_cLBS1
999 _c54844
_d54844